000
00270nam a2200097Ia 4500
001
698693
005
20250826162056.0
008
250824s9999 xx 000 0 und d
245
0
_a
MUTLULUK-ÖYKÜLER (ANTİK YENİ)
_c
GUY DE MAUPASSANT
260
_b
ANTİK DÜNYA KLASİKLERİ
999
_c
698693
_d
698693